Pays Vainqueurs de la Coupe d'Afrique des Nations (Mort subite) - Statistiques

Statistiques générales
  • Ce quiz a été pris 467 fois
  • Le résultat moyen est 10 sur 15
Answers on the Grid
Answers color-coded by a green-red scale on the quiz's grid according to % correct below.
Egypte (+ République Arabie Unie)
Ethiopie
Ghana
RD Congo (+Zaïre)
Soudan
République du Congo
Maroc
Nigeria
Cameroun
Algérie
Côte d'Ivoire
Afrique du Sud
Tunisie
Zambie
Sénégal
Mali
Guinée
Ouganda
Libye
Burkina Faso
Mauritanie
Cap-Vert
Gabon
Tchad
Niger
République Centrafricaine
Malawi
Rwanda
Angola
Namibie
 
Statistiques - réponses
Réponse % Correct
Algérie
88%
Maroc
86%
Sénégal
84%
Côte d'Ivoire
83%
Cameroun
81%
Egypte (+ République Arabie Unie)
78%
Nigeria
76%
Tunisie
70%
Ghana
69%
Afrique du Sud
66%
RD Congo (+Zaïre)
65%
Zambie
56%
République du Congo
37%
Ethiopie
30%
Soudan
29%
Aucun quiz correspondant
Distribution des résultats
% des personnes avec chaque résultat
Percentile par nombre de réponses
Votre historique - résultats
Vous n’avez pas pris ce quiz